000 00943nam a2200277Ia 4500
003 OSt
005 20221005110248.0
006 a|||||r|||| 00| 0
007 ta
008 221004b |||||||| |||| 00| 0 tam d
020 _a8185073007
024 _a22637
037 _cTextual
040 _aCRL
_cCRL
_btam
041 _2tam
_atam
082 _aO31x, 152M9
100 _aसेव, रवीन्द्र कुमार
245 0 _aतमिल का प्राचीन साहित्य
246 _aTamil kā prāchīn sāhitya
260 _aनई दिल्ली
_bसाहित्य शोध संस्थान भारत
_c1989
300 _a206पृ0
_ccm.
650 _a तमिल साहित्य
650 _aतमिल कविता
942 _hO31x, 152M9
_cTEXL
_2cc
999 _c1018264
_d1018264